Statistics for Back To December (TV) - Taylor Swift (All Lyrics)

Click here to take the quiz!

General Stats

  • This quiz has been taken 29 times
    (15 since last reset)
  • The average score is 392 of 414

Answer Stats

Lyrics% Correct
a
100%
All
100%
all
100%
And
100%
and
100%
around
100%
back
100%
December,
100%
December
100%
ever
100%
go
100%
good,
100%
good
100%
how
100%
I
100%
in
100%
Is
100%
is
100%
It
100%
it,
100%
it
100%
made
100%
me,
100%
me
100%
mine
100%
miss
100%
night"
100%
night
100%
right
100%
saw
100%
So,
100%
So
100%
so
100%
that
100%
The
100%
the
100%
time
100%
to
100%
turn
100%
We
100%
we
100%
when
100%
When
100%
You
100%
you,
100%
you
100%
your
100%
Your
100%
ain't
92%
Because
92%
been
92%
birthday
92%
busier
92%
but
92%
But
92%
call
92%
cry
92%
days,
92%
days
92%
didn't
92%
die
92%
family?
92%
first
92%
for
92%
freedom
92%
front
92%
gave
92%
glad
92%
guard
92%
had
92%
haven't
92%
how's
92%
How's
92%
I'd
92%
I'm
92%
"I'm
92%
know
92%
last
92%
laughin'
92%
left
92%
life?
92%
make
92%
mind
92%
missin'
92%
my
92%
nothing
92%
of
92%
out
92%
passed
92%
passenger
92%
pride
92%
realized
92%
roses
92%
sayin',
92%
sayin'
92%
see
92%
seen
92%
side
92%
skin,
92%
sleeping
92%
small
92%
smile
92%
sorry
92%
Standin'
92%
still
92%
swallowing
92%
sweet
92%
talk,
92%
tanned
92%
Tell
92%
than
92%
them
92%
Then
92%
then
92%
there
92%
These
92%
think
92%
this
92%
turns
92%
up,
92%
up
92%
was
92%
watched
92%
weather
92%
were
92%
what
92%
while
92%
why
92%
Wishin'
92%
work
92%
You've
92%
about
83%
arms
83%
beautiful
83%
came,
83%
cant
83%
change
83%
cold
83%
dark
83%
fall
83%
from
83%
held
83%
love
83%
loved
83%
Maybe
83%
myself
83%
on
83%
summer,
83%
thinkin'
83%
times
83%
wishful
83%
again,
75%
alright
75%
burned
75%
chain
75%
door,
75%
fear
75%
goodbye
75%
if
75%
into
75%
leavin'
75%
mindless
75%
own
75%
playing
75%
Probably
75%
September
75%
Stayin'
75%
swear
75%
understand
75%
crept
67%
dreaming
67%

Score Distribution

Percentile by Number Answered

Percent of People with Each Score

Your Score History

You have not taken this quiz since the last reset